• 首页
  • 本馆介绍
  • 公告通知
  • 最新文献
  • 馆藏检索
  • 电子资源
  • 读者导购
  • 参考咨询
  • 我的图书馆
  • 登录
  • 详细信息显示
  • 放入我的书架
  • 预约/预借图书
  • 作者相关作品
  • 分类相关作品
  • 丛书相关作品
  • 出版社相关作品

书目信息

  • 表格格式
  • 工作单格式
  • 卡片格式
题名:
摄影图片编辑学
    
 
作者: 康大荃 著
分册:  
出版信息: 沈阳   辽宁美术出版社  1997.7
页数: 210页
开本: 32开
丛书名: 北京电影学院图片摄影专业系列教材
单 册:
中图分类: G213
科图分类:
主题词: 新闻学 , 新闻工作
电子资源:
ISBN: 7-5314-1694-8
000 00672nam0 2200229 45
001 0012260979
005 20080925155232.87
010    @a7-5314-1694-8@dCNY22.80
100    @a20001226d1997 km y0chiy0120 ea
101 0  @achi
105    @a z 000yy
200 1  @a摄影图片编辑学@AShe Ying Tu Pian Bian Ji Xue@f康大荃著@FKang Da Quan Zhu
210    @a沈阳@c辽宁美术出版社@d1997.7
215    @a210页@c附彩图@d32开
225    @a北京电影学院图片摄影专业系列教材
410    @12001 @a北京电影学院图片摄影专业系列教材
606 0  @a新闻学
606 0  @a新闻工作
690    @aG213@v1
701  0 @a康大荃@4著
801    @aCN@bTSTC@c20080925
905    @b294396-400@dG213@e112@f5
    
    摄影图片编辑学/康大荃著.-沈阳:辽宁美术出版社,1997.7
    210页:附彩图;32开.-(北京电影学院图片摄影专业系列教材)
    
    
    ISBN 7-5314-1694-8:CNY22.80
    
●
相关链接 在E读中查询图书 在五车中查询图书 在当当中查询图书 在豆瓣中查询图书


正题名:摄影图片编辑学     索取号:G213/112         预约/预借

序号 登录号 条形码 馆藏地/架位号 状态 备注
1 0294396   002943961   第四借阅区/ [索取号:G213/112] 在馆    
2 0294397   002943970   密集书库/ [索取号:G213/112] 在馆    
3 0294398   002943989   第四借阅区/ [索取号:G213/112] 在馆    
4 0294399   002943998   第四借阅区/ [索取号:G213/112] 在馆    
5 0294400   002944005   密集书库/ [索取号:G213/112] 在馆    
唐山师范学院图书馆 欢迎您!
大连网信软件有限公司© 版权所有